000 00451nam a22001817a 4500
005 20180203171919.0
008 160428b xxu||||| |||| 00| 0 eng d
020 _a0-07-053477-2
041 _aeng
082 _b00579
_a005.133
100 _aBalagurusamy, E
_9165
245 _aProgramming in ANSI 'C'
250 _a3RD ED.
260 _aNew Delhi
_bTata MC Graw Hill,
_c2004
300 _a493
650 _aInformation Technology
_9137
942 _cBK
999 _c165
_d165